Economic survey of Europe in 1980

Saved in:
Bibliographic Details
Format: Book
Language:English
Published: New York United Nations 1981
Tags: Add Tag
No Tags, Be the first to tag this record!

MARC

LEADER 00000nam a2200000 4500
001 c136621
005 20041019155307.7
041 0 |a eng 
044 |a US 
245 1 0 |a Economic survey of Europe in 1980 
264 1 |a New York  |b United Nations  |c 1981 
300 |a 243 s.